World Geography Decoder - Statistics

General Stats
  • This quiz has been taken 1,717 times
  • The average score is 15 of 22
Answer Stats
Clue Answer % Correct
R Capital of Italy Rome
100%
E Tallest mountain in the world Everest
99%
E Northernmost country of the Baltic states Estonia
89%
C Morocco's most populous city Casablanca
84%
C Capital of Wales Cardiff
83%
Y Oldest national park in the US Yellowstone
83%
E One of the two ancient rivers in Mesopotamia Euphrates
80%
S Former name of Thailand Siam
79%
U Mountain range that divides Europe and Asia Ural
79%
E National Park in Florida Everglades
76%
U Another name for Ayers Rock in Australia Uluru
75%
L Major city in the UK that sits on the River Mersey Liverpool
70%
R Ipanema Beach is located in this city Rio de Janeiro
67%
E The center of an earthquake Epicenter
66%
E Immigration island off the coast of New York Ellis Island
62%
N Iqaluit is the capital of this Canadian territory Nunavut
57%
R Currency of Brazil Real
57%
C Largest rodent in South America Capybara
56%
D _______ Research Center in the Galapagos Islands Darwin
56%
A Country home to the Malbec wine region Argentina
48%
Phrase Reduce, Reuse, and Recycle
46%
D Narrow strait that connects the Aegean and Marmara Seas Dardanelles
33%
No matching quizzes found
Score Distribution
Percent of People with Each Score
Percentile by Number Answered
Your Score History
You have not taken this quiz